00920nam a2200265 a 450000100060000000300080000600500170001400800410003103500190007203500110009104000230010204100080012508200250013310000340015824500730019226000460026530000260031150000200033750400300035765100540038765100310044194200120047299900170048495201530050143166BD-RjUL20211209053645.0160620s1944 enk b 001 0 eng d a(BD-RjUL)43284 a725142 aNWUbengcNWUdNWU aeng 223a330.94bBAD 19441 aBasch, Antonind1896-913256514aThe Danube basin and the German economic sphere /cby Antonin Basch. aLondon :bK. Paul, Trench, Trubner,c1944 axiv, 272 p. ;c22 cm. aIncludes index. aBibliography: p. 258-261. 0aDanube River ValleyxEconomic conditions.9132566 0aGermanyxCommerce.9132567 2ddccBK c43166d43166 00102ddc40708NFICaRUCLbRUCLcStackd1953-06-01ePak American commiercial g11.00l0o330.94 BAD 1944r2016-06-20 00:00:00tC-2w2016-06-20yBK